Online
Catalog

Vivir es dialogar / (Record no. 25152)

MARC details
000 -CABECERA
campo de control de longitud fija 00753nam a2200229 a 4500
001 - NÚMERO DE CONTROL
campo de control 000025660
005 - FECHA Y HORA DE LA ÚLTIMA TRANSACCIÓN
campo de control 20200930023942.0
008 - DATOS DE LONGITUD FIJA--INFORMACIÓN GENERAL
campo de control de longitud fija 110218s1968 sp r 000 0 spa d
040 ## - FUENTE DE LA CATALOGACIÓN
Centro catalogador/agencia de origen DO-SdBNP
Lengua de catalogación spa
Centro/agencia transcriptor BNPHU
082 ## - NÚMERO DE LA CLASIFICACIÓN DECIMAL DEWEY
Número de clasificación xxxxx
Número de documento/Ítem R438v, 1968
049 ## - FONDOS LOCALES (OCLC)
Fondos de biblioteca BNGR
100 1# - ENTRADA PRINCIPAL--NOMBRE DE PERSONA
Nombre de persona Rétif, Louis
9 (RLIN) 52402
245 10 - MENCIÓN DE TÍTULO
Título Vivir es dialogar /
Mención de responsabilidad, etc. Louis Rétif ; traducción José M. Totosaus.
250 ## - MENCIÓN DE EDICIÓN
Mención de edición 2a ed.
260 ## - PUBLICACIÓN, DISTRIBUCIÓN, ETC.
Lugar de publicación, distribución, etc. Barcelona, España :
Nombre del editor, distribuidor, etc. Nova Terra,
Fecha de publicación, distribución, etc. 1968.
300 ## - DESCRIPCIÓN FÍSICA
Extensión 107 p. ;
Dimensiones 15.5 cm.
490 1# - MENCIÓN DE SERIE
Mención de serie El grano de mostaza
500 ## - NOTA GENERAL
Nota general Incluye notas al pie de las páginas.
534 ## - NOTA SOBRE LA VERSIÓN ORIGINAL
Frase introductoria título original:
Mención de título del original Vivre c´est dialoguer,
Publicación, distribución, etc. del original París : Fleurus, 1946.
700 1# - PUNTO DE ACCESO ADICIONAL--NOMBRE DE PERSONA
Nombre de persona Tostosaus, José M.,
Término indicativo de función/relación tr.
9 (RLIN) 52403
830 #0 - PUNTO DE ACCESO ADICIONAL DE SERIE-TÍTULO UNIFORME
Título uniforme El grano de mostaza
9 (RLIN) 52404
Holdings
Estado de retiro Estado de pérdida Restricciones de uso No para préstamo Código de colección Localización permanente Ubicación/localización actual Ubicación en estantería Fecha de adquisición Número de inventario Total de préstamos Signatura topográfica completa Código de barras Fecha visto por última vez Precio válido a partir de Tipo de ítem Koha
        Monografías: Libros y Folletos General General En catalogación 18.02.2011 LF1   xxxxx R438v, 1968 25660-10 25.06.2020 25.06.2020 Préstamo en sala

Powered by Koha